Variation in leaf structure: an ecophysiological perspective (Record no. 61248)

MARC details
000 -LEADER
fixed length control field 00595nam a2200169 a 4500
008 - FIXED-LENGTH DATA ELEMENTS--GENERAL INFORMATION
fixed length control field 120416s1999 ||||||||||||||||| || u
020 ## - INTERNATIONAL STANDARD BOOK NUMBER
International Standard Book Number 0521776783
050 ## - LIBRARY OF CONGRESS CALL NUMBER
Classification number QK 649 Var
100 ## - MAIN ENTRY--PERSONAL NAME
Personal name [and others]
245 10 - TITLE STATEMENT
Title Variation in leaf structure: an ecophysiological perspective
Statement of responsibility, etc. edited by E. Garnier
260 ## - PUBLICATION, DISTRIBUTION, ETC.
Place of publication, distribution, etc. Cambridge
Name of publisher, distributor, etc. CUP
Date of publication, distribution, etc. 1999
350 ## - PRICE (NR) (BK AM CF MU VM SE) [OBSOLETE]
Price 0.00
650 ## - SUBJECT ADDED ENTRY--TOPICAL TERM
Topical term or geographic name entry element PLANTS
650 ## - SUBJECT ADDED ENTRY--TOPICAL TERM
Topical term or geographic name entry element Plants--Variation
700 ## - ADDED ENTRY--PERSONAL NAME
Personal name Gardnier, E
995 ## - RECOMMENDATION 995 [LOCAL, UNIMARC FRANCE]
-- 0.00
-- CBU-MAIN LIBRARY (Kitwe)
-- 1
-- 19.99
-- 1
-- AVAILABLE
-- Main Library Open Access Collection
Holdings
Withdrawn status Lost status Source of classification or shelving scheme Damaged status Not for loan Home library Current library Shelving location Date acquired Total Checkouts Full call number Barcode Date last seen Price effective from Koha item type
          CBU-MAIN LIBRARY, KITWE. CBU-MAIN LIBRARY, KITWE.   11/30/2022   QK 649 Var 029109 11/30/2022 11/30/2022 MONOGRAPH